[Event "16th Asian Games Team Final Women"]
[Site "Guangzhou CHN"]
[Date "2010.11.25"]
[Round "1"]
[White "Hoang, Thi Bao Tram"]
[Black "Hou, Yifan"]
[Result "0-1"]
[WhiteTitle "WGM"]
[BlackTitle "GM"]
[WhiteElo "2271"]
[BlackElo "2591"]
[WhiteTeam "VIE"]
[BlackTeam "CHN"]
[WhiteFideId "12401102"]
[BlackFideId "8602980"]
[EventDate "2010.11.12"]

1. d4 d5 2. Nf3 Nf6 3. c4 e6 4. Nc3 Bb4 5. cxd5 exd5 6. Bg5 h6 7. Bh4 c5 8. e3
c4 9. Qc2 Nc6 10. Be2 g5 11. Bg3 Ne4 12. O-O Bxc3 13. bxc3 Bf5 14. Qb2 Qb6 15.
Qa3 Qa5 16. Qxa5 Nxa5 17. Rfc1 Kd7 18. Bd1 a6 19. Bc2 f6 20. Nd2 Rae8 21. Nf1
Re6 22. Rab1 Bh7 23. Rb2 b5 24. Bd1 Rb6 25. h3 Nc6 26. a3 a5 27. f3 Nxg3 28.
Nxg3 b4 29. e4 b3 30. exd5 Ne7 31. Be2 Rc8 32. Ne4 Bxe4 33. fxe4 f5 34. Bf3 fxe4
35. Bg4+ Kc7 36. Bxc8 Kxc8 37. d6 Nd5 38. Kf1 Rxd6 39. Rf2 Rb6 40. Ke1 Nf4 41.
Kd2 Re6 42. Re1 Kd7 43. g3 Nd5 44. Rf7+ Kc6 45. Rf8 e3+ 46. Kc1 Nxc3 47. Ra8 Kb5
48. Rc8 Na4 49. d5 Re5 50. d6 Nc5 51. Kb2 e2 52. Kc3 Re3+ 53. Kd2 Rd3+ 54. Kxe2
Rxd6 55. Rc1 b2 56. Rb1 c3 57. Rb8+ Kc4 58. Rf1 Ne4 59. Rff8 Nd2 60. Rfc8+ Kd4
61. Kd1 b1=Q+ 62. Rxb1 Nxb1 63. Kc2 Nxa3+ 0-1

[Event "16th Asian Games Team Final Women"]
[Site "Guangzhou CHN"]
[Date "2010.11.25"]
[Round "1"]
[White "Ju, Wenjun"]
[Black "Pham, Le Thao Nguyen"]
[Result "1/2-1/2"]
[WhiteTitle "WGM"]
[BlackTitle "WIM"]
[WhiteElo "2524"]
[BlackElo "2337"]
[WhiteTeam "CHN"]
[BlackTeam "VIE"]
[WhiteFideId "8603006"]
[BlackFideId "12401226"]
[EventDate "2010.11.12"]

1. d4 Nf6 2. c4 e6 3. g3 d5 4. Nf3 dxc4 5. Qa4+ Nc6 6. Bg2 Nd7 7. Qxc4 Nb6 8.
Qb5 a6 9. Qd3 e5 10. Nxe5 Nb4 11. Qc3 Qxd4 12. Qxd4 Nc2+ 13. Kd1 Nxd4 14. Be3
Nf5 15. Bxb6 cxb6 16. Nc3 Bc5 17. Nd3 O-O 18. e4 Nd4 19. b4 Be7 20. Nd5 Bd8 21.
Kd2 Re8 22. Rac1 Bd7 23. f4 f6 24. Rhe1 Rc8 25. Rxc8 Bxc8 26. e5 Bg4 27. Kc3 Nc6
28. Ne3 Bd7 29. Bd5+ Kf8 30. Nc4 Bc7 31. e6 Bc8 32. f5 Ne7 33. Be4 Rd8 34. g4 b5
35. Ne3 b6 36. h3 a5 37. a3 Ba6 38. Nc2 Rc8 39. Kd2 Bd6 40. Ne3 Rb8 41. Rc1 Bb7
42. Bxb7 Rxb7 43. Ke2 g6 44. Kf3 Ra7 45. Ke4 axb4 46. axb4 Ra3 47. Rd1 Rc3 48.
Ra1 Rb3 49. Ra8+ Kg7 50. Ra7 Kf8 51. Ra8+ Kg7 52. Rd8 Bxb4 53. Rd7 Kf8 54. Rd8+
Kg7 55. Re8 Bd6 1/2-1/2

[Event "16th Asian Games Team Final Women"]
[Site "Guangzhou CHN"]
[Date "2010.11.25"]
[Round "1"]
[White "Nguyen, Thi Thanh An"]
[Black "Zhao, Xue"]
[Result "0-1"]
[WhiteTitle "WGM"]
[BlackTitle "GM"]
[WhiteElo "2300"]
[BlackElo "2474"]
[WhiteTeam "VIE"]
[BlackTeam "CHN"]
[WhiteFideId "12400300"]
[BlackFideId "8601283"]
[EventDate "2010.11.12"]

1. d4 Nf6 2. c4 e6 3. a3 c5 4. e3 d5 5. Nf3 Nc6 6. Nc3 cxd4 7. exd4 dxc4 8. Bxc4
Be7 9. O-O O-O 10. Be3 Nd5 11. Bxd5 exd5 12. Qb3 Bg4 13. Qxd5 Qxd5 14. Nxd5 Bxf3
15. Nxe7+ Nxe7 16. gxf3 Nd5 17. Rac1 f6 18. Rfe1 Kf7 19. Rc5 Rad8 20. Bd2 Rd7
21. Kf1 Rfd8 22. Rec1 Ne7 23. Rc7 Rxd4 24. Be3 R4d7 25. Bxa7 Nc6 26. Rxd7+ Rxd7
27. Be3 Rd5 28. h4 Ke6 29. Ke2 Rh5 30. Rc4 Kd7 31. b4 b5 32. Rc1 Rd5 33. f4 g6
34. Bc5 Nd8 35. Be3 Ne6 36. Rd1 Kc6 37. Rxd5 Kxd5 38. Kd3 Ng7 39. Bd4 Nh5 40.
Be3 Ng7 41. Bd4 Ke6 42. a4 bxa4 43. Kc4 Nf5 44. Bb2 Nxh4 45. b5 Nf5 46. b6 Nd6+
47. Kc5 Kd7 48. f3 h5 49. Bxf6 a3 50. Kb4 a2 51. Kb3 Nf5 52. Kxa2 Kc6 53. Kb3 h4
54. Bxh4 Nxh4 55. Kc4 Kxb6 56. Kd5 Kb5 57. Ke5 Kc5 58. Kf6 Kd4 59. Kg5 Ke3 60.
Kg4 Nf5 61. Kg5 Ne7 62. Kf6 Kxf3 0-1

[Event "16th Asian Games Team Final Women"]
[Site "Guangzhou CHN"]
[Date "2010.11.25"]
[Round "1"]
[White "Huang, Qian"]
[Black "Nguyen, Thi Mai Hung"]
[Result "1-0"]
[WhiteTitle "WGM"]
[BlackTitle "WIM"]
[WhiteElo "2402"]
[BlackElo "2253"]
[WhiteTeam "CHN"]
[BlackTeam "VIE"]
[WhiteFideId "8602689"]
[BlackFideId "12401676"]
[EventDate "2010.11.12"]

1. d4 d5 2. c4 e6 3. Nf3 f5 4. Bg5 Nf6 5. Nc3 c6 6. e3 Be7 7. Bd3 O-O 8. Qc2 Bd7
9. h3 Ne4 10. Bf4 Na6 11. a3 Rc8 12. O-O Be8 13. Ne5 Nc7 14. f3 Nf6 15. c5 Kh8
16. g4 g6 17. Kh1 Nd7 18. Qh2 Bf7 19. h4 Kg8 20. g5 Ne8 21. b4 a6 22. Na4 Nxe5
23. Bxe5 h6 24. Nb6 Rc7 25. a4 Kh7 26. Kg2 Rc8 27. Nxc8 Qxc8 28. b5 axb5 29.
axb5 Ng7 30. bxc6 Qxc6 31. Rfb1 Nh5 32. Ra7 Bxc5 33. dxc5 Qxc5 34. Bd4 Qc6 35.
Rbxb7 Qc1 36. Rxf7+ Rxf7 37. Rxf7+ Kg8 38. Qc7 Qd2+ 39. Kh3 1-0

[Event "16th Asian Games Team Final Women"]
[Site "Guangzhou CHN"]
[Date "2010.11.25"]
[Round "1"]
[White "Harika, Dronavalli"]
[Black "Muminova, Nafisa"]
[Result "1-0"]
[WhiteTitle "IM"]
[BlackTitle "WIM"]
[WhiteElo "2525"]
[BlackElo "2360"]
[WhiteTeam "IND"]
[BlackTeam "UZB"]
[WhiteFideId "5015197"]
[BlackFideId "14201526"]
[EventDate "2010.11.12"]

1. c4 e6 2. g3 d5 3. Bg2 Nf6 4. Nf3 dxc4 5. Qa4+ c6 6. Qxc4 b5 7. Qc2 Bb7 8. O-O
Be7 9. a4 a6 10. Nc3 O-O 11. e4 b4 12. e5 bxc3 13. exf6 Bxf6 14. dxc3 Nd7 15.
Rd1 Qc7 16. Bf4 e5 17. Ng5 g6 18. Ne4 Be7 19. Bg5 Bxg5 20. Nxg5 Nf6 21. Qe2 Rfe8
22. Rd2 c5 23. Bxb7 Qxb7 24. Rd6 Kg7 25. Rad1 h6 26. Nf3 e4 27. Nd2 Qc8 28. Nc4
Qh3 29. Ne3 a5 30. b4 Re5 31. Rxf6 Kxf6 32. Ng4+ Kf5 33. Nxe5 Kxe5 34. f4+ Kf5
35. Qc4 Kg4 36. Qxe4 1-0

[Event "16th Asian Games Team Final Women"]
[Site "Guangzhou CHN"]
[Date "2010.11.25"]
[Round "1"]
[White "Sabirova, Olga"]
[Black "Tania, Sachdev"]
[Result "1/2-1/2"]
[WhiteTitle "WIM"]
[BlackTitle "IM"]
[WhiteElo "2205"]
[BlackElo "2385"]
[WhiteTeam "UZB"]
[BlackTeam "IND"]
[WhiteFideId "14200201"]
[BlackFideId "5007844"]
[EventDate "2010.11.12"]

1. e4 e5 2. Nf3 Nc6 3. Bc4 Nf6 4. d3 Bc5 5. Nc3 d6 6. Bg5 h6 7. Bxf6 Qxf6 8. Nd5
Qd8 9. c3 a6 10. d4 Ba7 11. dxe5 Nxe5 12. Nxe5 dxe5 13. Qh5 O-O 14. Qxe5 Re8 15.
Qf4 Qd6 16. Qxd6 Rxe4+ 17. Kd2 cxd6 18. Bb3 Bd7 19. f3 Re5 20. f4 Re4 21. Bc2
Rc4 22. Bd3 Rc5 23. Ne3 Re8 24. Rhe1 Kf8 25. h3 Rcc8 26. Nf5 Bc6 27. g3 Rcd8 28.
Nd4 Bd5 29. a3 Rc8 30. h4 Bb6 31. Bf5 Rc7 32. Rxe8+ Kxe8 33. Re1+ Kd8 34. Bd3
Bxd4 35. cxd4 Re7 36. Rxe7 Kxe7 37. Kc3 Kd7 38. Kb4 Kc6 39. a4 Bf3 40. Bc4 Bd5
41. Be2 Bg2 42. Bc4 Bd5 43. Be2 Bg2 1/2-1/2

[Event "16th Asian Games Team Final Women"]
[Site "Guangzhou CHN"]
[Date "2010.11.25"]
[Round "1"]
[White "Karavade, Eesha"]
[Black "Hamrakulova, Yulduz"]
[Result "0-1"]
[WhiteTitle "IM"]
[BlackTitle "WIM"]
[WhiteElo "2369"]
[BlackElo "2180"]
[WhiteTeam "IND"]
[BlackTeam "UZB"]
[WhiteFideId "5012600"]
[BlackFideId "14201151"]
[EventDate "2010.11.12"]

1. d4 Nf6 2. c4 e6 3. g3 d5 4. Nf3 Bb4+ 5. Bd2 a5 6. Bg2 dxc4 7. Na3 Bxa3 8.
bxa3 b5 9. a4 c6 10. axb5 cxb5 11. a4 c3 12. Bxc3 b4 13. Bd2 Bb7 14. O-O Nbd7
15. Qb3 O-O 16. Bf4 Qb6 17. Rac1 Rac8 18. Ne5 Bxg2 19. Kxg2 Nxe5 20. Bxe5 Nd5
21. e4 Nc3 22. d5 Nxe4 23. dxe6 Rxc1 24. exf7+ Rxf7 25. Rxc1 Qxf2+ 26. Kh1 Qf5
27. Bf4 g5 28. Be3 Qf3+ 29. Kg1 Nc3 0-1

[Event "16th Asian Games Team Final Women"]
[Site "Guangzhou CHN"]
[Date "2010.11.26"]
[Round "2"]
[White "Hou, Yifan"]
[Black "Muminova, Nafisa"]
[Result "1-0"]
[WhiteTitle "GM"]
[BlackTitle "WIM"]
[WhiteElo "2591"]
[BlackElo "2360"]
[WhiteTeam "CHN"]
[BlackTeam "UZB"]
[WhiteFideId "8602980"]
[BlackFideId "14201526"]
[EventDate "2010.11.12"]

1. e4 e6 2. d4 d5 3. Nc3 Nf6 4. e5 Nfd7 5. f4 c5 6. Nf3 Nc6 7. Be3 Be7 8. Qd2
O-O 9. Be2 b6 10. Nd1 cxd4 11. Nxd4 Bb7 12. O-O Nc5 13. Nf2 f6 14. exf6 Bxf6 15.
c3 e5 16. Nxc6 Bxc6 17. Ng4 Ne4 18. Qd3 exf4 19. Rxf4 Bg5 20. Rxf8+ Qxf8 21. Bd4
Qe7 22. Rf1 Rf8 23. Rxf8+ Kxf8 24. Ne5 Bb7 25. Qh3 Kg8 26. Bg4 Qd6 27. Bc8 Nc5
28. b4 Be3+ 29. Bxe3 Qxe5 30. bxc5 Qxc3 31. Qe6+ 1-0

[Event "16th Asian Games Team Final Women"]
[Site "Guangzhou CHN"]
[Date "2010.11.26"]
[Round "2"]
[White "Sabirova, Olga"]
[Black "Ju, Wenjun"]
[Result "1-0"]
[WhiteTitle "WIM"]
[BlackTitle "WGM"]
[WhiteElo "2205"]
[BlackElo "2524"]
[WhiteTeam "UZB"]
[BlackTeam "CHN"]
[WhiteFideId "14200201"]
[BlackFideId "8603006"]
[EventDate "2010.11.12"]

1. e4 c5 2. Nc3 Nc6 3. g3 g6 4. Bg2 Bg7 5. d3 d6 6. Be3 e6 7. Qd2 Rb8 8. Nge2
Nd4 9. O-O b5 10. Nc1 Ne7 11. Nd1 b4 12. c3 bxc3 13. bxc3 Ndc6 14. Bh6 O-O 15.
Bxg7 Kxg7 16. Ne3 e5 17. Ne2 Qb6 18. Rac1 a5 19. f4 exf4 20. Nxf4 a4 21. Ned5
Nxd5 22. Nxd5 Qd8 23. Nf6 h6 24. d4 Ne7 25. dxc5 dxc5 26. Qf4 Nc6 27. Rcd1 Qe7
28. e5 g5 29. Qe4 Rh8 30. Qxc6 Bb7 31. Nh5+ Kh7 32. Qd6 Qxd6 33. Rxd6 Bxg2 34.
Rxf7+ Kg8 35. Rg7+ Kf8 36. Kxg2 1-0

[Event "16th Asian Games Team Final Women"]
[Site "Guangzhou CHN"]
[Date "2010.11.26"]
[Round "2"]
[White "Zhao, Xue"]
[Black "Hamrakulova, Yulduz"]
[Result "1-0"]
[WhiteTitle "GM"]
[BlackTitle "WIM"]
[WhiteElo "2474"]
[BlackElo "2180"]
[WhiteTeam "CHN"]
[BlackTeam "UZB"]
[WhiteFideId "8601283"]
[BlackFideId "14201151"]
[EventDate "2010.11.12"]

1. c4 e5 2. Nc3 Nf6 3. Nf3 Nc6 4. e4 Bb4 5. d3 d6 6. g3 O-O 7. Bg2 Nd4 8. Nxd4
exd4 9. a3 Ba5 10. b4 dxc3 11. bxa5 c6 12. Qa4 d5 13. cxd5 cxd5 14. Be3 dxe4 15.
dxe4 Bd7 16. Qb4 Bc6 17. O-O Re8 18. Rfd1 Qe7 19. Bc5 Qe6 20. Rd6 Qc8 21. f3 c2
22. Rc1 Ba4 23. Bd4 b5 24. e5 Nh5 25. Qd2 g6 26. f4 Ng7 27. Bc6 Qc7 28. Bb2 Nf5
29. Qc3 Rf8 30. e6 f6 31. Rd7 b4 32. Qxf6 Rxf6 33. Rxc7 Bxc6 34. Rxc6 Rff8 35.
axb4 Rab8 36. R1xc2 Rxb4 37. Rc7 Rfb8 38. Rc8+ 1-0

[Event "16th Asian Games Team Final Women"]
[Site "Guangzhou CHN"]
[Date "2010.11.26"]
[Round "2"]
[White "Nodirjanova, Nodira"]
[Black "Huang, Qian"]
[Result "1/2-1/2"]
[BlackTitle "WGM"]
[WhiteElo "2149"]
[BlackElo "2402"]
[WhiteTeam "UZB"]
[BlackTeam "CHN"]
[WhiteFideId "14201232"]
[BlackFideId "8602689"]
[EventDate "2010.11.12"]

1. d4 Nf6 2. c4 g6 3. Nc3 Bg7 4. e4 d6 5. Be2 O-O 6. Bg5 Na6 7. Nf3 h6 8. Bh4 c6
9. O-O e5 10. d5 Bd7 11. Nd2 Qe8 12. a3 Nh7 13. b4 Nc7 14. f3 Bf6 15. Bf2 cxd5
16. cxd5 Nb5 17. Nxb5 Bxb5 18. a4 Bxe2 19. Qxe2 Qd7 20. Rfc1 Bg5 21. Rc2 Rfc8
22. Nc4 Nf8 23. Raa2 Bd8 24. Qe3 Bg5 25. Qb3 Be7 26. Na3 Bd8 27. Rc4 Rxc4 28.
Nxc4 Qe7 29. a5 Qd7 30. Na3 a6 31. Rc2 Rc8 32. Nc4 Nh7 33. Be3 h5 34. Bb6 Be7
35. Na3 Rxc2 36. Qxc2 Nf6 37. h3 Ne8 38. Qc4 Bd8 39. b5 Bxb6+ 40. axb6 Qd8 41.
Kh2 a5 42. Qc3 Qxb6 43. Qc8 Kf8 44. Nc4 Qc7 45. Qxc7 Nxc7 46. Nxa5 Nxb5 47. Nxb7
Ke7 48. Kg3 Nd4 49. Na5 Nb5 50. Nc4 Nc3 51. Kf2 f5 52. Ke3 fxe4 53. fxe4 Nb5 54.
Nd2 Kf6 55. Nf3 Nc3 56. h4 Na4 57. Ng5 Nc5 58. Kf3 Ke7 59. g4 hxg4+ 60. Kxg4 Kf6
61. Kf3 Ke7 62. Ke3 Nd7 63. Kd3 Nf6 64. Kc4 Nh5 65. Kb5 Kd7 66. Ne6 Nf6 67. Ng5
Kc7 68. Ka6 Nh5 69. Ne6+ Kd7 70. Kb7 Nf4 71. Ng5 Nd3 72. Kb6 Nc5 73. Kb5 Nd3 74.
Ne6 Nf2 1/2-1/2

[Event "16th Asian Games Team Final Women"]
[Site "Guangzhou CHN"]
[Date "2010.11.26"]
[Round "2"]
[White "Hoang, Thi Bao Tram"]
[Black "Harika, Dronavalli"]
[Result "1/2-1/2"]
[WhiteTitle "WGM"]
[BlackTitle "IM"]
[WhiteElo "2271"]
[BlackElo "2525"]
[WhiteTeam "VIE"]
[BlackTeam "IND"]
[WhiteFideId "12401102"]
[BlackFideId "5015197"]
[EventDate "2010.11.12"]

1. d4 Nf6 2. Nf3 g6 3. c4 Bg7 4. Nc3 O-O 5. e4 d6 6. h3 c5 7. d5 e6 8. Bd3 Na6
9. O-O Nc7 10. Re1 Rb8 11. Bf1 e5 12. Rb1 Bd7 13. a3 b5 14. b4 cxb4 15. axb4
bxc4 16. Nd2 Nb5 17. Nxb5 Bxb5 18. Nxc4 Bxc4 19. Bxc4 Nd7 20. Be3 Nb6 21. Bd3 f5
22. f3 Rc8 23. Rc1 Qd7 24. Qb3 fxe4 25. fxe4 Rxc1 26. Rxc1 Bf6 27. Be2 Qe7 28.
Bh6 Rb8 29. Qe3 Bg7 30. Bg5 Bf6 31. Bh6 Bg7 32. Bg5 Bf6 33. Bh6 1/2-1/2

[Event "16th Asian Games Team Final Women"]
[Site "Guangzhou CHN"]
[Date "2010.11.26"]
[Round "2"]
[White "Tania, Sachdev"]
[Black "Pham, Le Thao Nguyen"]
[Result "1/2-1/2"]
[WhiteTitle "IM"]
[BlackTitle "WIM"]
[WhiteElo "2385"]
[BlackElo "2337"]
[WhiteTeam "IND"]
[BlackTeam "VIE"]
[WhiteFideId "5007844"]
[BlackFideId "12401226"]
[EventDate "2010.11.12"]

1. d4 d5 2. c4 c6 3. Nf3 Nf6 4. Nc3 dxc4 5. a4 Bf5 6. Nh4 Bg4 7. h3 Bh5 8. g4
Bg6 9. Nxg6 hxg6 10. e3 e6 11. Bxc4 Nbd7 12. g5 Ng8 13. f4 Bb4 14. Bd2 Nb6 15.
Be2 a5 16. Ne4 Nd5 17. Bxb4 Nxb4 18. Nc5 Ra7 19. Kf2 Ne7 20. h4 b6 21. Nd3 Nxd3+
22. Qxd3 Qd6 23. h5 gxh5 24. Bxh5 g6 25. Bf3 Rf8 26. Qb3 Rb7 27. Rac1 Nd5 28.
Qc4 Kd7 29. e4 Nb4 30. e5 Qc7 31. Be4 b5 32. Qc5 Re8 33. Rh7 Re7 34. Bxg6 Nd5
35. axb5 Rxb5 36. Qxb5 fxg6 37. Rxe7+ Nxe7 38. Qc5 Qb7 39. Qd6+ Ke8 40. b4 Qb5
41. Rh1 Qd3 42. Qb8+ Kd7 43. Qd6+ Ke8 44. Rh8+ Kf7 45. Rh7+ Kg8 46. Qxe6+ Kxh7
47. Qxe7+ Kh8 48. Qd8+ Kh7 49. Qc7+ Kh8 50. Qd8+ Kh7 51. Qe7+ Kh8 52. Qd8+ 1/2-1/2

[Event "16th Asian Games Team Final Women"]
[Site "Guangzhou CHN"]
[Date "2010.11.26"]
[Round "2"]
[White "Nguyen, Thi Thanh An"]
[Black "Karavade, Eesha"]
[Result "1-0"]
[WhiteTitle "WGM"]
[BlackTitle "IM"]
[WhiteElo "2300"]
[BlackElo "2369"]
[WhiteTeam "VIE"]
[BlackTeam "IND"]
[WhiteFideId "12400300"]
[BlackFideId "5012600"]
[EventDate "2010.11.12"]

1. d4 Nf6 2. Nf3 e6 3. e3 b6 4. Bd3 Bb7 5. O-O c5 6. b3 Be7 7. Bb2 O-O 8. c4
cxd4 9. exd4 d5 10. Nbd2 Nc6 11. Rc1 Rc8 12. Qe2 Rc7 13. Qe3 dxc4 14. bxc4 Rd7
15. Rfd1 Re8 16. Bc2 Qa8 17. Ba4 Red8 18. Nf1 Qc8 19. Ng3 Rc7 20. Bc3 h6 21. Bb3
Na5 22. Bxa5 bxa5 23. Ne5 Nd7 24. Nh5 Nf6 25. Nf4 Ba3 26. Rc3 Bb4 27. Rcc1 Ba3
28. Ra1 Be4 29. Ng4 Nxg4 30. Qxe4 Nf6 31. Qe3 Qa6 32. c5 a4 33. Bxe6 Bb2 34.
Rab1 a3 35. Bb3 Qc6 36. h3 Qe4 37. Ne2 Re7 38. Ng3 Qxe3 39. fxe3 Rxe3 40. Nf5
Re4 41. d5 g6 42. Nd6 Re7 43. Nc4 Re2 44. d6 Rc8 45. Kf1 Re4 46. Nxb2 axb2 47.
Rxb2 1-0

[Event "16th Asian Games Team Final Women"]
[Site "Guangzhou CHN"]
[Date "2010.11.26"]
[Round "2"]
[White "Mohota, Nisha"]
[Black "Nguyen, Thi Tuong Van"]
[Result "1-0"]
[WhiteTitle "WGM"]
[BlackTitle "WIM"]
[WhiteElo "2325"]
[BlackElo "2214"]
[WhiteTeam "IND"]
[BlackTeam "VIE"]
[WhiteFideId "5004330"]
[BlackFideId "12400270"]
[EventDate "2010.11.12"]

1. d4 d5 2. c4 e6 3. Nc3 Nf6 4. cxd5 exd5 5. Bg5 Be7 6. e3 c6 7. Bd3 Nbd7 8. Qc2
O-O 9. Nge2 Re8 10. O-O Nf8 11. f3 g6 12. Rad1 Ne6 13. Bh4 b6 14. Kh1 Bb7 15.
Qd2 Ne4 16. fxe4 Bxh4 17. e5 Bg5 18. Nf4 a6 19. Qf2 Qe7 20. Na4 Rad8 21. Nxe6
Qxe6 22. Nxb6 c5 23. dxc5 Re7 24. e4 Qxe5 25. exd5 Be3 26. Qc2 Qh5 27. b4 Qh4
28. Qc4 Qg5 29. Be4 h5 30. Bf3 Re5 31. d6 Bxf3 32. Rxf3 Rf5 33. Rxf5 Qxf5 34.
Rf1 1-0

[Event "16th Asian Games Team Final Women"]
[Site "Guangzhou CHN"]
[Date "2010.11.26"]
[Round "3"]
[White "Pham, Le Thao Nguyen"]
[Black "Tania, Sachdev"]
[Result "0-1"]
[WhiteTitle "WIM"]
[BlackTitle "IM"]
[WhiteElo "2337"]
[BlackElo "2385"]
[WhiteTeam "VIE"]
[BlackTeam "IND"]
[WhiteFideId "12401226"]
[BlackFideId "5007844"]
[EventDate "2010.11.12"]

1. d4 Nf6 2. c3 e6 3. Bf4 c5 4. e3 b6 5. h3 Bb7 6. Nf3 Be7 7. Nbd2 O-O 8. Bd3 d6
9. O-O Nbd7 10. Qe2 Qc7 11. Bh2 Rfe8 12. Rfe1 Bf8 13. Rad1 Rac8 14. a3 Qb8 15.
e4 cxd4 16. cxd4 e5 17. Bb5 exd4 18. Qd3 a6 19. Bxd7 Nxd7 20. Qxd4 Nc5 21. Nh4
g6 22. Nhf3 Qa8 23. Bxd6 Bxd6 24. Qxd6 Nxe4 25. Nxe4 Bxe4 26. Ne5 Bxg2 27. Ng4
Rxe1+ 28. Rxe1 Bxh3 29. Nf6+ Kg7 30. Nd5 Qc6 31. Qe5+ f6 32. Qe7+ Kh8 33. Nf4
Bf5 34. Rd1 Re8 35. Qf7 Bg4 36. Rd5 Rg8 37. Kh2 g5 38. Rd4 gxf4 39. Rxf4 Qd6 40.
Qxf6+ Qxf6 41. Rxf6 Rg6 42. Rf8+ Kg7 43. Ra8 a5 44. Ra7+ Kf6 45. Rxh7 Ke5 46.
Rc7 Bf3 47. Rc3 Bd5 48. Kh3 Kd4 49. Kh4 b5 50. f4 Be6 51. Kh5 Rg4 52. Rc6 Bf5
53. Rf6 Rxf4 54. Kg5 Rf1 55. Rd6+ Kc5 56. Rd2 Bc8 57. Rh2 Rf5+ 58. Kg6 b4 59.
Rc2+ Kb5 60. Rd2 Re5 61. Rf2 bxa3 62. Rf6 Kb4 63. Rf4+ 0-1

[Event "16th Asian Games Team Final Women"]
[Site "Guangzhou CHN"]
[Date "2010.11.26"]
[Round "3"]
[White "Meenakshi Subbaraman"]
[Black "Nguyen, Thi Thanh An"]
[Result "0-1"]
[WhiteTitle "WGM"]
[BlackTitle "WGM"]
[WhiteElo "2328"]
[BlackElo "2300"]
[WhiteTeam "IND"]
[BlackTeam "VIE"]
[WhiteFideId "5004381"]
[BlackFideId "12400300"]
[EventDate "2010.11.12"]

1. c4 Nf6 2. Nc3 g6 3. g3 Bg7 4. Bg2 O-O 5. e4 d6 6. Nge2 c5 7. d4 Nc6 8. d5 Na5
9. b3 a6 10. Bb2 Rb8 11. a4 Bd7 12. O-O b5 13. axb5 0-1